000 00623nam a2200205 a 4500
005 20140412111333.0
008 050419s19uu xx 00 eng d
020 _a0-15330018-3
050 _aTR(GS 428.6
_bC898 1989
100 _aCullinan, Bernice E.
245 _aNew Friends. /
_cBernice E. Cullinan, et al.
250 _aTeacher's Edition
260 _aOrlando, Florida :
_bHarcourt Brace Jovanovich Pub,
_c1989.
300 _aT207 p.
440 _aHBJ Reading Program, Level 1
500 _aSpiral
650 _aReading
_xStudy and teaching
650 _aEnglish language
_xStudy and teaching
999 _c104983
_d104983